000 005200000a22001810004500
003 MACL
005 20160401152548.0
008 160401b xxu||||| |||| 00| 0 eng d
040 _aMACL
_cMACL
041 _aHindi
082 _a323
100 _aअनूप जैन
_949710
245 _aमहिला अधिकार शिक्षा
260 _bलक्ष्‍य पब्लिकेशन्‍स
_c2004
_aदिल्‍ली
350 _a150
650 _aLaw
_949711
942 _cHIN
_k323
_2ddc
999 _c9426
_d9426